| 000 | 00435nam a2200169 i 4500 | ||
|---|---|---|---|
| 001 | bg | ||
| 100 | 1 | _aHONEYCOMBE, R. W. K. | |
| 245 | 4 |
_aThe plastic deformation of metals / _cR. W. K. Honeycombe. |
|
| 260 |
_aLondon : _bEdward Arnold, _c1971. |
||
| 650 | 9 |
_aMetale _xmechanika |
|
| 650 | 9 | _aPlastyczność | |
| 040 | _cBPK | ||
| 041 | _apol | ||
| 080 | _a669:539.3/.6 | ||
| 942 | _cKS | ||
| 008 | s pl f |000 0 pol | ||
| 999 |
_c25678 _d25678 |
||
| 856 |
_uhttp://koha.tu.koszalin.pl/cgi-bin/koha/opac-detail.pl?biblionumber=25678 _yKatalog online BPK |
||